| 000 | 01686cam a22004454i 4500 | ||
|---|---|---|---|
| 003 | PE-LiUPU | ||
| 005 | 20250731173326.0 | ||
| 008 | 150625s r 000 0 d | ||
| 020 | _a0786413271 | ||
| 035 | _a(Sirsi) i9780786413270 | ||
| 040 |
_aPE-LiUPU _bspa _cPE-LiUPU _erda |
||
| 049 | _aPRUA | ||
| 082 | 0 | 4 |
_a220.0702506 _bW86 _221 |
| 100 | 1 |
_aWorth, Roland H., _eautor. |
|
| 245 | 1 | 0 |
_aBiblical studies on the internet a resource guide / _cRoland H. Worth. |
| 264 | 1 |
_aNorth Carolina, and London : _bMcFarland Company, _c2002. |
|
| 300 |
_a316 páginas ; _c23 centímetros |
||
| 336 |
_atext _2rdacontent |
||
| 337 |
_aunmediated _2rdamedia |
||
| 338 |
_avolume _2rdacarrier |
||
| 505 | 0 | _aEnglish Bible translations. -Non-English Bible trasnlations. -Greek, Hebrew, And other ancient language resources. -Bible study aids. -Bible related study materials outside the scriptures. | |
| 526 | _aSEG42 | ||
| 526 | _aSEG41 | ||
| 526 | _aSEG40 | ||
| 526 | _aSEG39 | ||
| 526 | _aP94 | ||
| 526 | _aP87 | ||
| 526 | _aP86 | ||
| 526 | _aP85 | ||
| 526 | _aP77 | ||
| 526 | _aP76 | ||
| 526 | _aP35 | ||
| 541 | _g103-8190058-5681041; | ||
| 630 |
_aBiblia _xEstudio y enseñanza _vBibliografía. |
||
| 942 |
_2ddc _cBOOK |
||
| 949 |
_a220.0702506 W86 _wDEWEY _c1 _i58648 _lCCODEBUL1 _mBUL _p35.00 _r0 _sY _tBOOK _u2015-6-25 _xTEOLOGIA _zUNKNOWN _0COMPRA _o.STAFF. Colección General |
||
| 994 |
_aC0 _bPEPRU |
||
| 596 | _a1 | ||
| 999 |
_a220.0702506 W86 _wDEWEY _c47529 _i58648 _f2021-11-9 _g5 _lCCODEBUL1 _mBUL _p35.00 _r0 _sY _tBOOK _u2015-6-25 _xTEOLOGIA _zUNKNOWN _0COMPRA _o.STAFF. Colección General _d47529 |
||
| 980 |
_81 _gALBERTO SANCHEZ Responsable de Automatización |
||